000 00677nam a22001937a 4500
010 _aENG-120307
020 _a9780821868829
_c640.00
035 _aEN-103839
037 _bDBAD/PUB
082 _a658.1
100 _aWilliams,R.J.
245 _aIntroduction to the mathematics of finance /
_cby R.J.Williams
260 _aRhode Island (USA)
_bAmerican Mathematical Society
_c2011
270 _aUniversity Press-3-6-747/1A& 3-6-754/1 Himayat Nagar
_bHyderabad
_e500029
300 _aviii,152p.
_c24cm(pbk)
490 _vGraduate Studies in Mathematics ; v.72
500 _aIncludes bibliographical references and index
942 _2ddc
_cEN
_h658.1
_mWIL
999 _c144033
_d144033